| 000 | 00824cam a2200193 a 4500 | ||
|---|---|---|---|
| 020 | _a2881450288 | ||
| 082 |
_a949..51060 _bINT _cD |
||
| 245 | 1 | 0 |
_aProtocols additional to the Geneva Conventions of 12 August 1949 : _bresolutions of the 1974-77 Diplomatic Conference : extracts from the final act of the 1974-77 Diplomatic Conference. |
| 250 | _aRev. ed. 1996. | ||
| 260 |
_aGeneva : _bInternational Committee of the Red Cross, _c[1996?] |
||
| 300 |
_a134 p. : _bill. ; _c23 cm. |
||
| 526 |
_a0 _b0 _c0 _d949__510600000000000_INT |
||
| 650 | 0 |
_aCombatants and noncombatants (International law) _946295 |
|
| 650 | 0 |
_aMCE _9379 |
|
| 650 | 0 |
_aPrisoners of war _xLegal status, laws, etc. _946296 |
|
| 650 | 0 |
_aWar _xProtection of civilians. _946297 |
|
| 710 | 2 |
_aInternational Committee of the Red Cross. _936959 |
|
| 942 |
_2ddc _cBK |
||
| 999 |
_c549661 _d549661 |
||